Estadísticas para Equipos que han jugado en Segunda División

Haz click aquí para intentar la prueba.

Estadísticas generales

  • Esta prueba ha sido intentada 40 veces
  • La puntuación promedio es 86 de 173

Estadísticas de respuestas

TemporadasEquipo% Correcto
26Real Zaragoza
100%
13Sevilla F.C.
100%
28Real Betis Balompié
97%
50Real Sporting de Gijón
97%
4Valencia C.F.
97%
41Cádiz C.F.
94%
1C.F. Lorca Deportiva
94%
24Girona F.C.
94%
2Lorca Deportiva C.F.
94%
1Lorca F.C.
94%
38Rayo Vallecano de Madrid
94%
41R.C. Deportivo de La Coruña
94%
10Villarreal C.F.
94%
6Club Atlético de Madrid
91%
33Granada C.F.
91%
32R.C. Celta de Vigo
91%
37R.C.D. Mallorca
91%
40Real Oviedo
91%
11S.D. Huesca
91%
3U.D. Huesca
91%
2A.D. Almería
88%
37C.A. Osasuna
88%
46C.D. Tenerife
88%
2Club Atlético Almería
88%
33Córdoba C.F.
88%
9R.C.D. Córdoba
88%
5R.C.D. Espanyol
88%
38R.C. Recreativo de Huelva
88%
16Real Sociedad de Fútbol
88%
16U.D. Almería
88%
33U.D. Las Palmas
88%
41C.D. Castellón
84%
31C.D. Málaga
84%
39Elche C.F.
84%
2Levante F.C.
84%
39Levante U.D.
84%
8Málaga C.F.
84%
53Real Murcia C.F.
84%
36Real Valladolid C.F.
84%
1Universidad de Las Palmas C.F.
84%
16C.D. Leganés
81%
6Club Getafe Deportivo
81%
22Club Gimnàstic de Tarragona
81%
7Getafe C.F.
81%
43Hércules de Alicante C.F.
81%
38Deportivo Alavés
78%
23F.C. Barcelona Atlètic
78%
36Real Racing Club de Santander
78%
28S.D. Eibar
78%
3 | 17Burgos C.F.
75%
12C.D. Lugo
75%
7C.D. Toledo
75%
34Racing Club de Ferrol
75%
4Real Burgos C.F.
75%
33Real Madrid Castilla C.F.
75%
3Real Sociedad de Fútbol "B"
75%
25Albacete Balompié
72%
15Cartagena F.C.
72%
6F.C. Cartagena
72%
2U.D. Ibiza
72%
24U.E. Lleida
72%
1F.C. Andorra
69%
16Real Jaén C.F.
69%
12A.D. Alcorcón
66%
20C.D. Badajoz
66%
21C.D. Numancia de Soria
66%
1S.D. Amorebieta
66%
1A.D. Ceuta
63%
11A.D. Ceuta F.C.
63%
7C.P. Mérida
63%
4Melilla C.F.
63%
9Pontevedra C.F.
63%
7S.D. Ceuta
63%
4U.D. Melilla
63%
34U.D. Salamanca
63%
1C.F. Rayo Majadahonda
59%
1C.P. Cacereño
59%
15Cultural y Deportiva Leonesa
59%
13C.D. Ourense
56%
44C.E. Sabadell F.C.
56%
13C.F. Extremadura
56%
2Extremadura U.D.
56%
18C.D. Logroñés
53%
11Club Atlético de Madrid "B"
53%
10Real Unión Club
53%
7S.D. Compostela
53%
10S.D. Ponferradina
53%
12C.D. Alcoyano
50%
2C.D. Guadalajara
50%
5C.E. Europa
50%
2C.F. Reus Deportiu
50%
1Jerez Industrial C.F.
50%
4Palencia C.F.
50%
25Xerez C.D.
50%
8Xerez F.C.
50%
9Algeciras C.F.
47%
9C.D. Mirandés
47%
3C.F. Fuenlabrada
47%
30Barakaldo C.F.
44%
5C.D. Eldense
44%
5Sevilla Atlético
44%
6Arenas Club
41%
14Bilbao Athletic
41%
21Valencia C.F. Mestalla
41%
5Alicante C.F.
38%
14C.F. Badalona
38%
2C.F. Badalona Futur
38%
13Real Avilés C.F.
38%
17Sestao S.C.
38%
4C.D. Atlético Baleares
34%
10C.D. San Fernando
34%
4Club Atlético de Marbella
34%
6Club Atlético Tetuán
34%
7Club Polideportivo Ejido
34%
3C.E. L'Hospitalet
31%
5Linares C.F.
31%
15Terrassa F.C.
31%
1UCAM Murcia C.F.
31%
11U.E. Sant Andreu
31%
6R.B. Linense
28%
8R.S. Gimnástica de Torrelavega
25%
11C.D. Puertollano
22%
8U.P. Langreo
22%
10C.D. Condal
19%
1Granada 74 C.F.
19%
3Málaga C.F. "B"
19%
1U.D. Vecindario
19%
7U.E. Figueres
19%
4C.F. Ciudad de Murcia
16%
1C.F. Joventut Mollerussa
16%
2Écija Balompié
16%
1R.C.D. Mallorca "B"
16%
7Caudal Deportivo
13%
2Orihuela Deportiva C.F.
13%
1U.D. Alzira
13%
1Arosa S.C.
9%
6C.D. Basconia
9%
1C.D. Colonia Moscardó
9%
1C.D. Logroño
9%
1C.P. Villarrobledo
9%
1E.H.A. Tánger
9%
1Real Zaragoza Deportivo Aragón
9%
3U.D. España de Tánger
9%
2C.D. Abarán
6%
2C.D. Nacional de Madrid
6%
5C.P. La Felguera
6%
1E.C. Granollers
6%
2Gimnástico F.C.
6%
3Iberia S.C.
6%
1Imperio C.F.
6%
5Ontinyent C.F.
6%
6Palamós C.F.
6%
1Racing Club de Madrid
6%
2S.D. Erandio Club
6%
13S.D. Indauchu
6%
3S.G. Lucense
6%
1Sport Club La Plana
6%
3A.D. Ferroviaria
3%
1Burjassot C.F.
3%
1Cataluña F.C.
3%
11C.D. Constancia
3%
1C.D. Ensidesa
3%
1C.D. Juvenil
3%
2C.E. Júpiter
3%
1Puente Genil C.F.
3%
1R.D. Oriamendi
3%
1S.D. Escoriaza
3%
3U.D. Orensana
3%
1Unión Sporting Club
3%
2Elche Ilicitano C.F.
0%
1Real Murcia Imperial C.F.
0%
4Villarreal C.F. "B"
0%

Distribución de puntuación

Porcentaje por número respondido

Porcentaje de gente con cada puntuación

Historial de tus puntuaciones

No has intentado esta prueba.